000 00855nam a2200265 i 4500
001 14404
003 ES-MaACL
005 20230906150812.0
007 t|
008 980519s1997 sp ||||0| spa j
020 _a84-206-2888-3
040 _aM-BN
_bspa
_cM-BN
080 _a903(038)
100 1 _aMenéndez Fernández, Mario.
_980302
245 1 0 _aDiccionario de prehistoria /
_cMario Menéndez, Alfredo Jimeno y Víctor M. Fernández.
260 _aMadrid :
_bAlianza Editorial,
_c[1997]
300 _a526 p :
_bil ;
_c20 cm.
490 1 _aAlianza universidad ;
_v888
650 1 4 _aPrehistoria-
_vDiccionarios.
_916345
700 1 _aJimeno Martínez, Alfredo.
_966652
700 1 _aFernández Martínez, Víctor M.
_949913
830 0 _aAlianza universidad ;
_v888
_9177276
852 _aES-MaACL
_jL-21606
_bR.127103
999 _c14404
_d14404